<?xml version="1.0" encoding="UTF-8"?>
<marc:record xmlns:marc="http://www.loc.gov/MARC21/slim">
   <marc:leader>00000nam a2200000 a 4500</marc:leader>
   <marc:datafield ind1="0" ind2="0" tag="245">
      <marc:subfield code="a">7 Psychos (und 1 Shih tzu)</marc:subfield>
   </marc:datafield>
   <marc:datafield ind1=" " ind2="1" tag="264">
      <marc:subfield code="c">2013</marc:subfield>
   </marc:datafield>
   <marc:datafield ind1="1" ind2=" " tag="520">
      <marc:subfield code="a">Marty, erfolgloser Autor in Hollywood, braucht dringend ein paar Anregungen für sein neues Drehbuch, denn bisher steht nur der Titel. Durch seinen besten Freund Billy bekommt er allerdings mehr Inspiration als ihm lieb ist: Als Hundekidnapper mischt Billy die kriminelle Szene durch den Diebstahl eines Shih Tzu ordentlich auf. Sein Pech: Es ist der heißgeliebte Schoßhund des durchgeknallten Gangsters Charlie . Bevor Marty sich versieht, steckt er mitten in seinem eigenen Drehbuch und will nur noch eins: Überleben!</marc:subfield>
   </marc:datafield>
   <marc:datafield ind1=" " ind2=" " tag="020">
      <marc:subfield code="a">9789750215827</marc:subfield>
      <marc:subfield code="9">9789750215827</marc:subfield>
   </marc:datafield>
   <marc:datafield ind1=" " ind2=" " tag="020">
      <marc:subfield code="a">9750215826</marc:subfield>
      <marc:subfield code="9">9750215826</marc:subfield>
   </marc:datafield>
   <marc:datafield ind1=" " ind2=" " tag="041">
      <marc:subfield code="a">ger</marc:subfield>
   </marc:datafield>
   <marc:datafield ind1=" " ind2=" " tag="338">
      <marc:subfield code="a">Videodisk</marc:subfield>
   </marc:datafield>
   <marc:datafield ind1=" " ind2=" " tag="300">
      <marc:subfield code="a">106 Min.</marc:subfield>
   </marc:datafield>
</marc:record>
